00791nam a2200205 a 450000500170000000800410001702000180005805000250007610000250010124500650012625000220019126000510021330000160026444000350028050000610031565000320037665000410040899900190044995201170046820140412111344.0040524s19uu xx 00 eng d a0-02-830905-7 aTR(GS 372.4bA1 2000 aAdams, Marilyn Jager aOpen court reading (Orange), L.1-B.C /cMarilyn Jager Adams. aTeacher's Edition aColumbus, Ohio :bSRA McGraw-Hill Comp,c2000. axx p. 429p. aSRA open court reading, Orange aContents: Things that go--Captain Bill Pinkney's journey aReadingxStudy and teaching aEnglish languagexStudy and teaching c105177d105177 00104050aELbELcTRd2004-05-24eDonationl0oTR(GS 372.4 A1 2000pE9532r2014-04-12 00:00:00w2014-04-12yBK